Mobilní bankéři, výhodné řešení pro banky i klienty

Rozšírenie pôsobnosti nezávislých finančných poradcov v Českej republike vytvára pre klientov alternatívu pre uspokojovanie ich potrieb bankovými produktami. Nezávislí poradcovia plnia rolu sprostredkovateľov medzi dopytom klienta a ponukou rôznych finančných inštitúcií. Okruhy ponuky finančných slu...

Descripción completa

Guardado en:
Detalles Bibliográficos
Autor principal: Doubravský, Jiří
Otros Autores: Páleš, Juraj
Formato: Capítulo de libro
Lenguaje:checo
Materias:
Etiquetas: Agregar Etiqueta
Sin Etiquetas, Sea el primero en etiquetar este registro!

MARC

LEADER 00000naa$a2200000$$$4500
001 0028598
005 20231010083926.5
041 0 |a cze 
044 |a CZ 
245 1 0 |a Mobilní bankéři, výhodné řešení pro banky i klienty  |c Jiří Doubravský, Juraj Páleš 
520 |a Rozšírenie pôsobnosti nezávislých finančných poradcov v Českej republike vytvára pre klientov alternatívu pre uspokojovanie ich potrieb bankovými produktami. Nezávislí poradcovia plnia rolu sprostredkovateľov medzi dopytom klienta a ponukou rôznych finančných inštitúcií. Okruhy ponuky finančných služieb. Základné charakteristiky mobilnej distribučnej banky. Cieľové segmenty trhu a produktová ponuka. Obchodné procesy. Model mobilnej distribúcie HVB Bank. 
610 2 0 |a banky 
610 2 0 |a produkty 
610 2 0 |a služby finančné 
610 2 0 |a poradcovia finanční 
610 2 0 |a distribúcia 
610 2 0 |a poradcovia 
100 1 |a Doubravský, Jiří 
700 1 |a Páleš, Juraj